Normal view MARC view
  • Grané Ortega, Jordi

Entry Nombre Personal

Number of records used in: 1

001 - NUMERO DE CONTROL

  • campo de control: 44918

003 - IDENTIFICADOR DE NUMERO DE CONTROL

  • campo de control: UPN

005 - FECHA Y HORA DE LA ÜLTIMA TRANSACCIÓN

  • campo de control: 20220616135752.0

008 - DATOS DE LONGITUD FIJA

  • campo de control de longitud fija: 220616|| acnnnaabn | a|a d

024 70 - OTROS IDENTIFICADORES NORMALIZADOS

  • Fuente: orcid
  • Número normalizado o código: 0000-0003-3749-7228

040 ## - FUENTE DE CATALOGACIÓN

  • Agencia original de catalogación: MX-MxUPN

100 1# - ENCABEZAMIENTO - NOMBRE PERSONAL

  • Nombre personal: Grané Ortega, Jordi

370 ## - LUGAR ASOCIADO

  • Associated country: España

371 ## - DIRECCIÓN

  • Electronic mail address: jordigraneortega@gmail.com

372 ## - CAMPO DE ACTIVIDAD

  • Field of activity: Ciencias sociales
  • Field of activity: Filosofía
  • Field of activity: Sociología
  • Field of activity: Docencia
  • Field of activity: Investigación

373 ## - GRUPO ASOCIADO

  • Associated group: Universitat Autònoma de Barcelona

374 ## - OCUPACIÓN

  • Occupation: Profesor universitario

375 ## - GÉNERO

  • Gender: masculino

377 ## - LENGUA ASOCIADA

  • Language code: spa

400 1# - VEÁSE - NOMBRE DE PERSONA

  • Personal name: Grané, Jordi

670 ## - FUENTE EN LA QUE SE LOCALIZARON DATOS

  • Cita de la fuente: En recurso en línea Dedica. Revista de educacao e humanidades, No. 18 (2021):
  • Información localizada: página 1 (Jordi Grané)
  • Uniform Resource Identifier: https://revistaseug.ugr.es/index.php/dedica/article/view/21000/20361

670 ## - FUENTE EN LA QUE SE LOCALIZARON DATOS

  • Cita de la fuente: En el sitio web Plataforma editorial, consultado Junio 16, 2022:
  • Información localizada: Licenciado en Filosofía por la Universitat Autònoma de Barcelona, maestría en Sociología y en Gestión Pública por la misma universidad.
  • Uniform Resource Identifier: https://www.plataformaeditorial.com/item/262/1/528

902 ## - CATALOGADOR

  • Catalogador: RGJD/160622